<The> Ultimatum Game: Nakoľko sa správame racionálne?

Guardado en:
Detalles Bibliográficos
Autor principal: Vojtková, Mária
Formato: Capítulo de libro
Lenguaje:eslovaco
Materias:
Etiquetas: Agregar Etiqueta
Sin Etiquetas, Sea el primero en etiquetar este registro!

MARC

LEADER 00000nla a2200000 4500
001 0243955
005 20240502073942.7
041 0 |a slo 
044 |a SK 
245 1 0 |a <The> Ultimatum Game: Nakoľko sa správame racionálne?  |c Mária Vojtková 
610 2 0 |a ekonómia behaviorálna 
610 2 0 |a správanie spotrebiteľa 
610 2 0 |a racionalita 
610 2 0 |a teória hier 
100 1 |a Vojtková, Mária